000 01354pab a2200157 454500
008 180718b2001 xxu||||| |||| 00| 0 eng d
100 _aAlmqvist, Roland
245 _aManagement by contract: a study of programmatic and technological aspects
260 _c2001
300 _ap.689-706
520 _aThe practice of `Management by Contract' can - as with any practice - be characterized by programmatic and technological dimensions. These dimensions contain concepts and ideas at the programmatic level, which shape the mission of the practice (concrete tasks and routines) at the technological level. Thus, the former attach the practice to the broader conceptual dimension. In this paper both of these dimensions will be analysed. The aim is to study how quality issues have been managed by contract. The first part presents some of the conceptual arguments of `Management by Contract'. The arguments of a structure generally used (the Purchaser/Provider split) and a method often used (competitive tendering) will be discussed. The second part presents some technological effects through empirical findings. The paper concludes with an analysis of the interaction or non-interaction between these two dimensions. - Reproduced
650 _aManagement contracts
650 _aManagement
773 _aPublic Administration
909 _a50397
999 _c50397
_d50397